ÇOCUKLAR VE BİR GÜN (Record no. 725616)

MARC details
000 -LEADER
sabit uzunluktaki kontrol alanı 00246nam a2200097Ia 4500
001 - KONTROL NUMARASI
kontrol alanı 725616
005 - EN SON İŞLEMİN TARİH VE ZAMANI
kontrol alanı 20250826163413.0
008 - SABİT-UZUNLUKTA VERİ ÖĞELERİ--GENEL BİLGİ
sabit uzunluktaki kontrol alanı 250824s9999 xx 000 0 und d
245 #0 - ESER / YAZAR
ESER ADI ÇOCUKLAR VE BİR GÜN
Yazar Adı VURAL KAYA
260 ## - YAYIN, DAĞITIM, VB.
YAYIN EVİ KAYALIPARK YAYINLARI
Holdings
Düşüm durumu Kayıp durumu Hasar Durumu Ödünç verilmez Ana kütüphane Geçerli Kütüphane Edinilen tarih Toplam ödünç verme sayısı Barkod Son görüntüleme tarihi Fiyatın geçerli olmaya başladığı tarih Koha materyal türü
        BORSA İSTANBUL ORTAOKULU BORSA İSTANBUL ORTAOKULU 24.08.2025   10314456 26.08.2025 26.08.2025 Books